| 000 | 01378cam a2200349 a 4500 | ||
|---|---|---|---|
| 001 | EDZ0000019097 | ||
| 003 | StDuBDS | ||
| 005 | 20161031105132.0 | ||
| 006 | m||||||||d|||||||| | ||
| 007 | cr ||||||||||| | ||
| 008 | 110107s2006 enka fo| 001|0|eng|d | ||
| 020 |
_a9781848608047 (ebook) : _cNo price |
||
| 040 |
_aStDuBDS _beng _cStDuBDS _epn |
||
| 049 | _aAlfaisal Main Library | ||
| 050 | 0 |
_aJF2051 _b.H336 2006 |
|
| 082 | 0 | 4 |
_a324.2 _223 |
| 245 | 0 | 0 |
_aHandbook of party politics _h[electronic resource] / _cedited by Richard S. Katz and William J. Crotty. |
| 260 |
_aLondon : _bSAGE, _c2006. |
||
| 300 |
_a1 online resource (xiii, 550 p.) : _bill. |
||
| 520 | 8 | _aThe contributors to this work provide a survey of the major theoretical approaches to the subject of the role of parties in the pressing contemporary problems of institutional design and democratic governance today. | |
| 521 | _aSpecialized. | ||
| 588 | _aDescription based on print version record. | ||
| 504 | _aIncludes bibliographical references and index. | ||
| 650 | 0 | _aPolitical parties. | |
| 655 | 7 |
_aElectronic books. _2local |
|
| 700 | 1 | _aKatz, Richard S. | |
| 700 | 1 | _aCrotty, William J. | |
| 710 | 2 | _aSage eBooks | |
| 776 | 0 | 8 |
_iPrint version : _z9780761943143 |
| 856 | 4 | 0 | _uhttp://ezproxy.alfaisal.edu/login?url=http://sk.sagepub.com/reference/hdbk_partypol |
| 942 |
_2lcc _cEBOOKS |
||
| 999 |
_c480091 _d480091 |
||